000
00270nam a2200109Ia 4500
008
190216s9999||||xx |||||||||||||| ||und||
100
_a
Olson
245
4
_a
The Theory And Practice Of International Relations
260
_b
Prentice Hall
650
_a
History
942
_c
BK
999
_c
20012
_d
20012